000699751 001__ 699751 000699751 005__ 20251104133713.0 000699751 0247_ $$2ISSN$$a1877-0509 000699751 0247_ $$2SCOPUS$$aSCOPUS:2-s2.0-84978529119 000699751 0247_ $$2datacite_doi$$a10.18154/RWTH-2017-08451 000699751 0247_ $$2doi$$a10.1016/j.procs.2016.05.516 000699751 0247_ $$2WOS$$aWOS:000579452200185 000699751 037__ $$aRWTH-2017-08451 000699751 041__ $$aEnglish 000699751 082__ $$a004 000699751 1001_ $$0P:(DE-82)IDM01894$$aKüppers, Bastian$$b0$$eCorresponding author$$urwth 000699751 1112_ $$aInternational Conference on Computational Science 2016$$cSan Diego, CA$$d2016-06-06 - 2016-06-08$$gICCS16$$wUSA 000699751 245__ $$aThe Scientific Programming Integrated Degree Program - A Pioneering Approach to Join Theory and Practice$$honline 000699751 260__ $$aAmsterdam [u.a.]$$bElsevier$$c2016 000699751 29510 $$aInternational Conference on Computational Science 2016, ICCS 2016, 6-8 June 2016, San Diego, California, USA 000699751 300__ $$a1957-1967 000699751 3367_ $$033$$2EndNote$$aConference Paper 000699751 3367_ $$0PUB:(DE-HGF)7$$2PUB:(DE-HGF)$$aContribution to a book 000699751 3367_ $$0PUB:(DE-HGF)8$$2PUB:(DE-HGF)$$aContribution to a conference proceedings$$bcontrib$$mcontrib 000699751 3367_ $$2BibTeX$$aINPROCEEDINGS 000699751 3367_ $$2DRIVER$$aconferenceObject 000699751 3367_ $$2DataCite$$aOutput Types/Conference Paper 000699751 3367_ $$2ORCID$$aCONFERENCE_PAPER 000699751 4900_ $$aProcedia computer science$$v80 000699751 588__ $$aDataset connected to CrossRef 000699751 591__ $$aGermany 000699751 7001_ $$0P:(DE-82)IDM01139$$aDondorf, Thomas$$b1$$urwth 000699751 7001_ $$0P:(DE-82)IDM02881$$aWillemsen, Benno$$b2$$urwth 000699751 7001_ $$0P:(DE-82)IDM02343$$aPflug, Hans Joachim$$b3$$urwth 000699751 7001_ $$0P:(DE-82)711751$$aVonhasselt, Claudia$$b4$$urwth 000699751 7001_ $$0P:(DE-82)IDM02180$$aMagrean, Benedikt$$b5$$urwth 000699751 7001_ $$0P:(DE-82)IDM01074$$aMüller, Matthias S.$$b6$$urwth 000699751 7001_ $$aBischof, Christian$$b7 000699751 8564_ $$uhttps://publications.rwth-aachen.de/record/699751/files/699751.pdf$$yOpenAccess 000699751 8564_ $$uhttps://publications.rwth-aachen.de/record/699751/files/699751.gif?subformat=icon$$xicon$$yOpenAccess 000699751 8564_ $$uhttps://publications.rwth-aachen.de/record/699751/files/699751.jpg?subformat=icon-180$$xicon-180$$yOpenAccess 000699751 8564_ $$uhttps://publications.rwth-aachen.de/record/699751/files/699751.jpg?subformat=icon-700$$xicon-700$$yOpenAccess 000699751 909CO $$ooai:publications.rwth-aachen.de:699751$$popenaire$$popen_access$$pdriver$$pdnbdelivery$$pVDB 000699751 9101_ $$0I:(DE-588b)36225-6$$6P:(DE-82)IDM01894$$aRWTH Aachen$$b0$$kRWTH 000699751 9101_ $$0I:(DE-588b)36225-6$$6P:(DE-82)IDM01139$$aRWTH Aachen$$b1$$kRWTH 000699751 9101_ $$0I:(DE-588b)36225-6$$6P:(DE-82)IDM02881$$aRWTH Aachen$$b2$$kRWTH 000699751 9101_ $$0I:(DE-588b)36225-6$$6P:(DE-82)IDM02343$$aRWTH Aachen$$b3$$kRWTH 000699751 9101_ $$0I:(DE-588b)36225-6$$6P:(DE-82)711751$$aRWTH Aachen$$b4$$kRWTH 000699751 9101_ $$0I:(DE-588b)36225-6$$6P:(DE-82)IDM02180$$aRWTH Aachen$$b5$$kRWTH 000699751 9101_ $$0I:(DE-588b)36225-6$$6P:(DE-82)IDM01074$$aRWTH Aachen$$b6$$kRWTH 000699751 9141_ $$y2016 000699751 9151_ $$0StatID:(DE-HGF)0031$$2StatID$$aPeer reviewed article$$x0 000699751 915__ $$0LIC:(DE-HGF)CCBYNCND4$$2HGFVOC$$aCreative Commons Attribution-NonCommercial-NoDerivs CC BY-NC-ND 4.0 000699751 915__ $$0StatID:(DE-HGF)0300$$2StatID$$aDBCoverage$$bMedline 000699751 915__ $$0StatID:(DE-HGF)0510$$2StatID$$aOpenAccess 000699751 9201_ $$0I:(DE-82)022000_20140101$$k022000$$lIT Center$$x0 000699751 9201_ $$0I:(DE-82)123010_20140620$$k123010$$lLehrstuhl für Informatik 12 (Hochleistungsrechnen)$$x1 000699751 9201_ $$0I:(DE-82)120000_20140620$$k120000$$lFachgruppe Informatik$$x2 000699751 961__ $$c2017-09-25T10:14:54.596856$$x2017-09-25T10:14:54.596856$$z2017-09-25 000699751 9801_ $$aFullTexts 000699751 980__ $$aI:(DE-82)022000_20140101 000699751 980__ $$aI:(DE-82)120000_20140620 000699751 980__ $$aI:(DE-82)123010_20140620 000699751 980__ $$aUNRESTRICTED 000699751 980__ $$aVDB 000699751 980__ $$acontb 000699751 980__ $$acontrib